[Event "DEN-ch LH 2020"]
[Site "Svendborg"]
[Date "2020.10.09"]
[Round "1.1"]
[White "Hansen, Sune Berg"]
[Black "Bjerre, Jonas Buhl"]
[Result "1-0"]
[WhiteElo "2557"]
[BlackElo "2559"]
[Annotator "ChessBase"]
[PlyCount "79"]
[EventDate "2020.10.09"]
[EventType "tourn"]
[EventCountry "DEN"]
[SourceTitle "playchess.com"]
[Source "ChessBase"]
[SourceQuality "1"]
[TimeControl "40/5400+30:1800+30"]

1. d4 {[%emt 0:00:00]} Nf6 {[%emt 0:00:00]} 2. Bf4 {[%emt 0:01:18]} d5 {[%emt 0:01:26]} 3. e3 {[%emt 0:01:12]} e6 {[%emt 0:00:55]} 4. Nd2 {[%emt 0:04:16]} Bd6 {[%emt 0:01:33]} 5. Bg3 {[%emt 0:01:51]} O-O {[%emt 0:02:57]} 6. Bd3 {[%emt 0:04:44]} b6 {[%emt 0:01:50]} 7. Qe2 {[%emt 0:01:53]} c5 {[%emt 0:03:08]} 8. c3 {[%emt 0:00:12]} Bb7 {[%emt 0:06:13]} 9. Ngf3 {[%emt 0:03:32]} Nc6 {[%emt 0:02:34]} 10. Rd1 {[%emt 0:00:28]} Re8 {[%emt 0:06:44]} 11. e4 {[%emt 0:00:36]} Be7 {[%emt 0:05:31]} 12. e5 {[%emt 0:00:24]} Nh5 {[%emt 0:03:28]} 13. a3 {[%emt 0:02:00]} a5 {[%emt 0:03:29]} 14. Nf1 {[%emt 0:00:11]} g6 {[%emt 0:03:41]} 15. Ne3 {[%emt 0:00:48]} a4 {[%emt 0:07:07]} 16. Ng4 {[%emt 0:04:19]} Na5 {[%emt 0:07:27]} 17. O-O {[%emt 0:12:18]} Rc8 {[%emt 0:03:21]} 18. Rfe1 {[%emt 0:15:43]} Kh8 {[%emt 0:03:01]} 19. dxc5 {[%emt 0:04:05]} bxc5 {[%emt 0:01:31]} 20. Qe3 {[%emt 0:03:59]} Bc6 {[%emt 0:03:58]} 21. Bf4 {[%emt 0:05:07]} Nb3 {[%emt 0:04:10]} 22. Bh6 {[%emt 0:02:12]} d4 {[%emt 0:01:37]} 23. cxd4 {[%emt 0:05:52]} cxd4 {[%emt 0:00:25]} 24. Qe2 {[%emt 0:00:35]} Rc7 {[%emt 0:05:00]} 25. Bb5 {[%emt 0:03:37]} Bxb5 {[%emt 0:03:59]} 26. Qxb5 {[%emt 0:00:03]} Qd7 {[%emt 0:00:23]} 27. Qd3 {[%emt 0:01:40]} Rd8 {[%emt 0:00:46]} 28. Ng5 {[%emt 0:01:26]} Bf8 {[%emt 0:02:06]} 29. Bxf8 {[%emt 0:05:41]} Rxf8 {[%emt 0:00:04]} 30. Qh3 {[%emt 0:00:52]} Qb5 {[%emt 0:03:46]} 31. Nf6 {[%emt 0:01:38]} Rg8 {[%emt 0:08:46]} 32. Nxg8 {[%emt 0:01:49]} Kxg8 {[%emt 0:00:05]} 33. g4 {[%emt 0:01:18]} Nf6 {[%emt 0:01:15]} 34. Qh6 {[%emt 0:02:22]} Nd5 {[%emt 0:02:36]} 35. Nxh7 {[%emt 0:01:52]} Qe8 {[%emt 0:01:35]} 36. Nf6+ {[%emt 0:01:32]} Nxf6 {[%emt 0:00:05]} 37. exf6 {[%emt 0:00:09]} Qf8 {[%emt 0:00:07]} 38. Qh4 {[%emt 0:01:14]} Qa8 {[%emt 0:01:12]} 39. Rd3 {[%emt 0:01:22]} Nc1 {[%emt 0:01:08]} 40. Qh6 {[%emt 0:00:17]} 1-0

[Event "DEN-ch LH 2020"]
[Site "Svendborg"]
[Date "2020.10.09"]
[Round "1.2"]
[White "Rasmussen, Allan Stig"]
[Black "Fries-Nielsen, Jens Ove"]
[Result "1-0"]
[WhiteElo "2559"]
[BlackElo "2380"]
[Annotator "ChessBase"]
[PlyCount "47"]
[EventDate "2020.10.09"]
[EventType "tourn"]
[EventCountry "DEN"]
[SourceTitle "playchess.com"]
[Source "ChessBase"]
[SourceQuality "1"]
[TimeControl "40/5400+30:1800+30"]

1. e4 {[%emt 0:00:00]} e5 {[%emt 0:00:30]} 2. Nf3 {[%emt 0:00:00]} Nc6 {[%emt 0:00:30]} 3. Bb5 {[%emt 0:00:18]} Nge7 {[%emt 0:00:54]} 4. c3 {[%emt 0:02:11]} g6 {[%emt 0:04:26]} 5. d4 {[%emt 0:01:15]} exd4 {[%emt 0:00:34]} 6. cxd4 {[%emt 0:00:15]} Bg7 {[%emt 0:00:25]} 7. O-O {[%emt 0:11:43]} O-O {[%emt 0:03:58]} 8. Nc3 {[%emt 0:01:43]} a6 {[%emt 0:01:35]} 9. Ba4 {[%emt 0:02:00]} b5 {[%emt 0:06:19]} 10. Bc2 {[%emt 0:03:37]} d6 {[%emt 0:06:11]} 11. h3 {[%emt 0:02:48]} h6 {[%emt 0:20:33]} 12. Re1 {[%emt 0:08:55]} Bb7 {[%emt 0:04:47]} 13. Bf4 {[%emt 0:09:40]} Na5 {[%emt 0:02:20]} 14. Rc1 {[%emt 0:05:51]} Nc4 {[%emt 0:02:52]} 15. b3 {[%emt 0:00:50]} Nb6 {[%emt 0:00:12]} 16. Qd2 {[%emt 0:15:55]} g5 {[%emt 0:01:33]} 17. Be3 {[%emt 0:01:57]} f5 {[%emt 0:02:29]} 18. d5 {[%emt 0:06:38]} fxe4 {[%emt 0:06:33]} 19. Bxe4 {[%emt 0:01:09]} b4 {[%emt 0:04:47]} 20. Ne2 {[%emt 0:06:32]} Nbxd5 {[%emt 0:00:55]} 21. Bd4 {[%emt 0:00:57]} Rf7 {[%emt 0:22:42]} 22. Bxg7 {[%emt 0:01:00]} Rxg7 {[%emt 0:00:52]} 23. Ned4 {[%emt 0:00:39]} Qd7 {[%emt 0:03:54]} 24. Nf5 {[%emt 0:03:37]} 1-0

[Event "DEN-ch LH 2020"]
[Site "Svendborg"]
[Date "2020.10.09"]
[Round "1.3"]
[White "Thybo, Jesper Sondergaard"]
[Black "Chatalbashev, Boris"]
[Result "0-1"]
[WhiteElo "2573"]
[BlackElo "2522"]
[Annotator "ChessBase"]
[PlyCount "62"]
[EventDate "2020.10.09"]
[EventType "tourn"]
[EventCountry "DEN"]
[SourceTitle "playchess.com"]
[Source "ChessBase"]
[SourceQuality "1"]
[TimeControl "40/5400+30:1800+30"]

1. e4 {[%emt 0:00:00]} d6 {[%emt 0:00:00]} 2. d4 {[%emt 0:00:00]} Nf6 {[%emt 0:00:00]} 3. f3 {[%emt 0:00:01]} c5 {[%emt 0:01:18]} 4. d5 {[%emt 0:00:19]} e6 {[%emt 0:00:40]} 5. c4 {[%emt 0:00:18]} exd5 {[%emt 0:02:37]} 6. cxd5 {[%emt 0:00:18]} Be7 {[%emt 0:00:14]} 7. Nc3 {[%emt 0:12:20]} O-O {[%emt 0:00:07]} 8. Bd3 {[%emt 0:02:12]} Nbd7 {[%emt 0:04:31]} 9. Nge2 {[%emt 0:02:25]} a6 {[%emt 0:05:41]} 10. a4 {[%emt 0:03:13]} Rb8 {[%emt 0:05:54]} 11. O-O {[%emt 0:04:28]} Ne5 {[%emt 0:00:42]} 12. Bc2 {[%emt 0:03:42]} b5 {[%emt 0:00:33]} 13. f4 {[%emt 0:03:19]} Ng6 {[%emt 0:10:43]} 14. axb5 {[%emt 0:00:31]} axb5 {[%emt 0:00:05]} 15. e5 {[%emt 0:10:42]} Ne8 {[%emt 0:26:21]} 16. e6 {[%emt 0:08:34]} f5 {[%emt 0:00:30]} 17. g4 {[%emt 0:07:51]} b4 {[%emt 0:02:01]} 18. Bxf5 {[%emt 0:10:22]} bxc3 {[%emt 0:00:27]} 19. bxc3 {[%emt 0:00:39]} c4 {[%emt 0:16:27]} 20. Be3 {[%emt 0:15:28]} Bb7 {[%emt 0:01:52]} 21. Ra7 {[%emt 0:03:34]} Nf6 {[%emt 0:07:15]} 22. Bf2 {[%emt 0:00:15]} Qc8 {[%emt 0:01:23]} 23. Qd2 {[%emt 0:09:03]} Nxd5 {[%emt 0:04:58]} 24. Rb1 {[%emt 0:00:24]} Bc6 {[%emt 0:01:35]} 25. Rba1 {[%emt 0:00:39]} Nc7 {[%emt 0:02:42]} 26. Nd4 {[%emt 0:00:28]} Bd5 {[%emt 0:00:02]} 27. Nc2 {[%emt 0:00:59]} Rb7 {[%emt 0:01:37]} 28. Rxb7 {[%emt 0:01:09]} Bxb7 {[%emt 0:00:43]} 29. h4 {[%emt 0:00:44]} Bxh4 {[%emt 0:01:44]} 30. e7 {[%emt 0:00:30]} Rxf5 {[%emt 0:00:17]} 31. gxf5 {[%emt 0:00:16]} Qxf5 {[%emt 0:00:17]} 0-1

[Event "DEN-ch LH 2020"]
[Site "Svendborg"]
[Date "2020.10.09"]
[Round "1.4"]
[White "Andersen, Mads"]
[Black "Ochsner, Bjorn Moller"]
[Result "1/2-1/2"]
[WhiteElo "2577"]
[BlackElo "2482"]
[Annotator "ChessBase"]
[PlyCount "110"]
[EventDate "2020.10.09"]
[EventType "tourn"]
[EventCountry "DEN"]
[SourceTitle "playchess.com"]
[Source "ChessBase"]
[SourceQuality "1"]
[TimeControl "40/5400+30:1800+30"]

1. c4 {[%emt 0:00:00]} e5 {[%emt 0:00:18]} 2. Nc3 {[%emt 0:00:09]} Bb4 {[%emt 0:00:47]} 3. Nd5 {[%emt 0:00:46]} a5 {[%emt 0:00:09]} 4. Nf3 {[%emt 0:00:48]} d6 {[%emt 0:01:26]} 5. a3 {[%emt 0:01:16]} Bc5 {[%emt 0:00:21]} 6. e3 {[%emt 0:00:21]} Nf6 {[%emt 0:00:26]} 7. d4 {[%emt 0:02:45]} Nxd5 {[%emt 0:00:21]} 8. cxd5 {[%emt 0:02:01]} exd4 {[%emt 0:00:28]} 9. exd4 {[%emt 0:00:11]} Bb6 {[%emt 0:00:08]} 10. Bg5 {[%emt 0:00:33]} f6 {[%emt 0:00:19]} 11. Be3 {[%emt 0:00:11]} O-O {[%emt 0:00:31]} 12. Bd3 {[%emt 0:02:07]} f5 {[%emt 0:01:40]} 13. Qc2 {[%emt 0:02:19]} Nd7 {[%emt 0:00:37]} 14. Bxf5 {[%emt 0:14:49]} Nf6 {[%emt 0:00:16]} 15. Bd3 {[%emt 0:07:22]} h6 {[%emt 0:00:53]} 16. Bc4 {[%emt 0:10:28]} Qe8 {[%emt 0:18:15]} 17. O-O-O {[%emt 0:18:02]} Bd7 {[%emt 0:16:48]} 18. h3 {[%emt 0:02:36]} Bb5 {[%emt 0:03:30]} 19. Bb3 {[%emt 0:01:27]} a4 {[%emt 0:04:59]} 20. Ba2 {[%emt 0:00:55]} Qe4 {[%emt 0:07:36]} 21. Nd2 {[%emt 0:22:43]} Qxc2+ {[%emt 0:01:52]} 22. Kxc2 {[%emt 0:00:02]} Be8 {[%emt 0:01:07]} 23. Nc4 {[%emt 0:01:58]} Ba7 {[%emt 0:01:17]} 24. Na5 {[%emt 0:01:18]} Bf7 {[%emt 0:01:46]} 25. Kb1 {[%emt 0:01:53]} Bxd5 {[%emt 0:04:15]} 26. Rc1 {[%emt 0:01:00]} Bxa2+ {[%emt 0:02:35]} 27. Kxa2 {[%emt 0:00:01]} Nd5 {[%emt 0:02:20]} 28. Rhd1 {[%emt 0:01:57]} Rf5 {[%emt 0:04:30]} 29. Nc4 {[%emt 0:00:47]} b5 {[%emt 0:03:38]} 30. Nd2 {[%emt 0:00:54]} Bb6 {[%emt 0:00:41]} 31. Nf3 {[%emt 0:00:46]} Kf7 {[%emt 0:08:45]} 32. Kb1 {[%emt 0:00:21]} Re8 {[%emt 0:01:10]} 33. Rd3 {[%emt 0:00:43]} g5 {[%emt 0:02:45]} 34. Rc2 {[%emt 0:01:44]} Kg6 {[%emt 0:05:47]} 35. Kc1 {[%emt 0:00:26]} Rf7 {[%emt 0:00:42]} 36. b3 {[%emt 0:00:51]} Rfe7 {[%emt 0:01:53]} 37. Bd2 {[%emt 0:00:16]} Ra8 {[%emt 0:01:09]} 38. Be3 {[%emt 0:00:37]} axb3 {[%emt 0:00:37]} 39. Rxb3 {[%emt 0:00:02]} Ra4 {[%emt 0:00:23]} 40. Kd2 {[%emt 0:01:03]} Ba5+ {[%emt 0:02:03]} 41. Ke2 {[%emt 0:13:55]} Rc4 {[%emt 0:07:25]} 42. Rbb2 {[%emt 0:04:32]} c6 {[%emt 0:05:31]} 43. Kd3 {[%emt 0:01:43]} Ra4 {[%emt 0:04:02]} 44. Rxc6 {[%emt 0:03:05]} Rxa3+ {[%emt 0:00:56]} 45. Ke2 {[%emt 0:00:02]} Nc3+ {[%emt 0:06:48]} 46. Rxc3 {[%emt 0:04:11]} Bxc3 {[%emt 0:01:24]} 47. Rxb5 {[%emt 0:00:02]} Ba5 {[%emt 0:01:54]} 48. Rd5 {[%emt 0:00:30]} Bb4 {[%emt 0:02:39]} 49. Rb5 {[%emt 0:00:28]} Ra4 {[%emt 0:00:24]} 50. Rb6 {[%emt 0:01:30]} Kh7 {[%emt 0:00:51]} 51. Kd3 {[%emt 0:01:36]} Rc7 {[%emt 0:02:08]} 52. Ke4 {[%emt 0:00:40]} Ba3 {[%emt 0:01:05]} 53. Kf5 {[%emt 0:01:12]} Re7 {[%emt 0:01:06]} 54. h4 {[%emt 0:02:28]} gxh4 {[%emt 0:00:24]} 55. Nxh4 {[%emt 0:00:27]} Ra8 {[%emt 0:00:50]} 1/2-1/2

[Event "DEN-ch LH 2020"]
[Site "Svendborg"]
[Date "2020.10.09"]
[Round "1.5"]
[White "Brondt, Nicolai Kvist"]
[Black "Haubro, Martin"]
[Result "1/2-1/2"]
[WhiteElo "2226"]
[BlackElo "2423"]
[Annotator "ChessBase"]
[PlyCount "73"]
[EventDate "2020.10.09"]
[EventType "tourn"]
[EventCountry "DEN"]
[SourceTitle "playchess.com"]
[Source "ChessBase"]
[SourceQuality "1"]
[TimeControl "40/5400+30:1800+30"]

1. d4 {[%emt 0:00:00]} f5 {[%emt 0:00:00]} 2. Nf3 {[%emt 0:00:26]} Nf6 {[%emt 0:00:00]} 3. g3 {[%emt 0:00:13]} g6 {[%emt 0:00:08]} 4. Bg2 {[%emt 0:00:05]} Bg7 {[%emt 0:00:03]} 5. O-O {[%emt 0:00:27]} O-O {[%emt 0:00:04]} 6. Nbd2 {[%emt 0:02:33]} d6 {[%emt 0:12:59]} 7. Re1 {[%emt 0:05:35]} Nc6 {[%emt 0:09:43]} 8. e4 {[%emt 0:14:24]} fxe4 {[%emt 0:02:38]} 9. Nxe4 {[%emt 0:05:51]} Nxe4 {[%emt 0:00:06]} 10. Rxe4 {[%emt 0:00:05]} Bf5 {[%emt 0:00:04]} 11. Re1 {[%emt 0:06:07]} Qd7 {[%emt 0:05:25]} 12. c3 {[%emt 0:04:27]} Kh8 {[%emt 0:03:56]} 13. Bf4 {[%emt 0:05:18]} Rae8 {[%emt 0:14:59]} 14. Qd2 {[%emt 0:07:06]} Nd8 {[%emt 0:04:28]} 15. Bh6 {[%emt 0:02:45]} Bg4 {[%emt 0:06:54]} 16. Bxg7+ {[%emt 0:02:45]} Kxg7 {[%emt 0:00:05]} 17. Re3 {[%emt 0:05:55]} Rf6 {[%emt 0:11:32]} 18. Ng5 {[%emt 0:09:37]} h6 {[%emt 0:03:01]} 19. Ne4 {[%emt 0:00:23]} Rf7 {[%emt 0:00:04]} 20. Rae1 {[%emt 0:01:59]} b6 {[%emt 0:01:44]} 21. f4 {[%emt 0:02:01]} Bh3 {[%emt 0:01:11]} 22. Bh1 {[%emt 0:01:58]} Qb5 {[%emt 0:02:01]} 23. Nf2 {[%emt 0:01:58]} Bc8 {[%emt 0:03:29]} 24. Qe2 {[%emt 0:02:23]} Qxe2 {[%emt 0:00:51]} 25. R3xe2 {[%emt 0:00:13]} e6 {[%emt 0:04:11]} 26. Nd3 {[%emt 0:02:53]} Ba6 {[%emt 0:01:53]} 27. Re3 {[%emt 0:00:10]} Bxd3 {[%emt 0:00:03]} 28. Rxd3 {[%emt 0:00:05]} g5 {[%emt 0:06:03]} 29. fxg5 {[%emt 0:00:32]} hxg5 {[%emt 0:00:05]} 30. Bg2 {[%emt 0:01:17]} Rf6 {[%emt 0:00:35]} 31. Rde3 {[%emt 0:01:07]} Kf7 {[%emt 0:00:53]} 32. Re4 {[%emt 0:01:58]} Kg6 {[%emt 0:01:15]} 33. Bh3 {[%emt 0:02:44]} Re7 {[%emt 0:02:20]} 34. Bg4 {[%emt 0:01:00]} Kh6 {[%emt 0:00:44]} 35. Kg2 {[%emt 0:00:52]} Kg6 {[%emt 0:00:55]} 36. R4e2 {[%emt 0:01:01]} c5 {[%emt 0:00:20]} 37. a3 {[%emt 0:06:37]} 1/2-1/2

[Event "DEN-ch LH 2020"]
[Site "Svendborg"]
[Date "2020.10.10"]
[Round "2.1"]
[White "Buhl Bjerre, Jonas"]
[Black "Stig Rasmussen, Allan"]
[Result "0-1"]
[WhiteElo "2559"]
[BlackElo "2559"]
[Annotator "TA"]
[PlyCount "74"]
[EventDate "2020.10.09"]
[EventType "tourn"]
[EventCountry "DEN"]
[SourceTitle "playchess.com"]
[Source "ChessBase"]
[SourceQuality "1"]

{[%evp 11,74,14,6,-3,16,-12,11,0,-8,-98,-58,-98,-35,-20,-52,-88,-61,-40,-59,-39,-11,-70,0,-46,-63,-19,-46,-44,0,-13,0,-112,-50,-125,-107,-194,-175,-215,-207,-213,-201,-202,-195,-201,-116,-99,-83,-331,-335,-320,-328,-314,-318,-308,-307,-373,-364,-372,-369,-383,-400,-2174,-960,-2037,-942]} 1. d4 Nf6 2. c4 e6 3. Nf3 d5 4. g3 Bb4+ 5. Bd2 Be7 6. Bg2 O-O 7. Qc2 {E11: Bogo-Indian.} Nbd7 8. h4 {[#]} h6 $146 ({Predecessor:} 8... c5 9. cxd5 exd5 10. Nc3 Re8 11. O-O h6 12. Bf4 a6 13. Rad1 c4 14. Ne5 Nb6 {0-1 (45) Gelfand,B (2676)-Anand,V (2753) chess24.com INT 2020}) 9. Nc3 {The position is equal.} dxc4 10. Ng5 (10. O-O $11) 10... Re8 11. O-O-O Rb8 (11... c6 $17) 12. d5 e5 13. d6 Bxd6 14. Bd5 $1 Re7 (14... hxg5 $6 15. hxg5 Nc5 16. gxf6 $16) 15. Bxc4 {Strongly threatening Nd5.} Nf8 16. g4 (16. f3 $11) 16... Nxg4 ({Black should try} 16... b5 $1 $15 17. Nxb5 Rxb5 18. Bxb5 hxg5 19. hxg5 Nxg4) 17. Nd5 hxg5 18. Bxg5 {[%mdl 64] Pin} Qe8 19. Rhg1 $1 Kh8 {Threatens to win with ...f6.} (19... e4 $5 {[%cal Re7e5]} 20. Bxe7 Bxe7 $17) 20. f3 $1 f6 21. Nxe7 (21. fxg4 $11 Rf7 22. Be3) 21... fxg5 (21... Qxe7 $17 22. fxg4 fxg5 23. hxg5 Be6) 22. hxg5 (22. Nf5 $15 b5 23. Bb3) 22... Qxe7 23. Rxg4 {[#]} (23. fxg4 $17 Be6 24. Rh1+ Kg8 25. Rdf1) 23... g6 $1 $19 ({Stronger than} 23... Be6 24. Rh1+ Kg8 25. g6 $15) 24. Rh1+ {[#]} Kg7 $1 ({Worse is} 24... Nh7 25. Qxg6 Bxg4 26. Bf7 Bh5 27. Rxh5 Qxg5+ 28. Qxg5 Be7 29. Qxe5+ Bf6 30. Qxf6#) 25. Rgh4 Qxg5+ 26. Kb1 ({Don't go for} 26. f4 $2 exf4 27. Kb1 Kf6 $19) 26... b5 27. Bb3 Qe3 ({Black should play} 27... Be6 $19 28. Bxe6 Nxe6) 28. Re4 $17 Qf2 {aiming for ...Bf5.} 29. Qd2 $2 {This move loses the game for White.} (29. Rf4 $17 {only move.} Be6 30. Bxe6 Nxe6 31. Rg4) 29... Bf5 $19 30. Qh6+ Kf6 31. Qh8+ Ke7 32. Qg7+ Kd8 33. Bd5 Qd4 {[%mdl 64] Pin} 34. Qf7 {Bc6! is the strong threat.} Rb6 35. a3 c6 36. Rh8 (36. Qxf5 $142 gxf5 37. Rxd4 exd4 38. Bb3) 36... Qd1+ 37. Ka2 Qxd5+ {Accuracy: White = 56%, Black = 77%.} (37... cxd5 $142 38. Rxf8+ Bxf8 39. Qxf8+ Kd7 40. Qg7+ Kc6) 0-1

[Event "DEN-ch LH 2020"]
[Site "Svendborg"]
[Date "2020.10.10"]
[Round "2.2"]
[White "Moller Ochsner, Bjorn"]
[Black "Berg Hansen, Sune"]
[Result "1/2-1/2"]
[WhiteElo "2482"]
[BlackElo "2557"]
[Annotator "TA"]
[PlyCount "91"]
[EventDate "2020.10.09"]
[EventType "tourn"]
[EventCountry "DEN"]
[SourceTitle "playchess.com"]
[Source "ChessBase"]
[SourceQuality "1"]

{[%evp 21,91,20,20,20,20,20,22,22,11,13,15,12,14,17,13,15,25,10,18,10,13,3,12,2,10,0,18,-3,0,2,10,0,8,8,9,0,10,-13,4,0,10,-14,8,0,11,0,10,17,24,20,27,16,18,0,0,0,0,0,5,0,0,0,0,0,6,5,21,6,19,0,0,0]} 1. e4 e5 2. Nf3 Nf6 3. Nxe5 d6 4. Nf3 Nxe4 5. d4 d5 6. Bd3 Bd6 7. O-O O-O 8. c4 c6 9. Nc3 Nxc3 10. bxc3 dxc4 11. Bxc4 Bf5 12. Bg5 {C42: Petroff Defence: 3 Nxe5 and unusual White 3rd moves.} Qa5 13. Nh4 Be6 14. Bxe6 {[#] Black must now prevent Bf5.} Qxg5 15. Nf3 Qa5 16. Bb3 Nd7 17. Qd3 Rae8 18. g3 Nf6 19. Kg2 g6 20. Rae1 Kg7 21. h4 h6 {[#]} 22. Nd2 $146 ({Predecessor:} 22. Rh1 Qd8 23. c4 Rxe1 24. Rxe1 c5 25. Bc2 Re8 26. Rb1 Qc7 27. d5 b6 28. Qc3 Be5 29. Qd2 Bd6 30. Qc3 Be5 31. Qd2 Bd6 {½-½ (31) Sasikiran,K (2675)-Banusz,T (2619) Linares 2019}) 22... Qd8 23. Nc4 Bc7 24. Bd1 Rxe1 25. Rxe1 Re8 26. Rh1 h5 27. Bf3 Qd7 28. Rb1 b6 29. Rd1 Nd5 30. Nd2 Nf6 31. Nc4 Nd5 32. Nd2 Nf6 33. Nf1 Nd5 34. c4 Nf6 35. Qc2 Bb8 36. Ne3 Qc7 {[#] Threatens to win with ...Rxe3!The position is equal.} 37. Qc3 c5 38. d5 Qd6 39. Re1 {aiming for Nf5+!} Kg8 40. Qd3 Qd7 41. Rd1 Bd6 42. Nc2 Re5 43. Na3 Ne8 44. Nb5 Re7 45. Nc3 Be5 46. Ne4 {Not much happened in this game. Accuracy: White = 100%, Black = 100%.} 1/2-1/2

[Event "DEN-ch LH 2020"]
[Site "Svendborg"]
[Date "2020.10.10"]
[Round "2.3"]
[White "Chatalbashev, Boris"]
[Black "Haubro, Martin"]
[Result "0-1"]
[WhiteElo "2522"]
[BlackElo "2423"]
[Annotator "TA"]
[PlyCount "110"]
[EventDate "2020.10.09"]
[EventType "tourn"]
[EventCountry "DEN"]
[SourceTitle "playchess.com"]
[Source "ChessBase"]
[SourceQuality "1"]

{[%evp 14,110,43,41,35,0,14,2,8,6,10,7,31,14,25,-15,-12,-18,2,4,19,8,8,0,-6,-30,-28,-41,-36,-59,-29,-15,-13,0,-16,-43,-25,-25,-28,-51,-14,-16,-10,-26,-24,-25,-15,-12,9,0,14,8,18,14,17,15,15,10,62,15,87,0,18,0,33,-155,-126,-633,-628,-608,-592,-528,-528,-521,-513,-642,-631,-703,-684,-816,-501,-975,-941,-5214,-5214,-5214,-5214,-2305,-1898,-6201,-6201,-5919,-5813,-5506,-1040,-29983,-29984,-29988,-29988]} 1. c4 e6 2. g3 d5 3. Bg2 dxc4 4. Qa4+ Nd7 5. Qxc4 c5 6. Nf3 Ngf6 7. O-O a6 8. Qb3 Rb8 {A13: English Opening: 1...e6.} 9. a4 b6 10. d3 Bd6 {The position is equal.} 11. Nfd2 Bc7 12. Nc3 Qe7 13. Nc4 O-O {[#]} 14. Bd2 $146 ({Predecessor:} 14. Rd1 h6 15. f4 e5 16. f5 Rd8 17. Rf1 Nf8 18. Ne3 Qd7 19. Ned5 N8h7 20. Qc4 Nxd5 21. Nxd5 {½-½ (33) Notten,A-Maillard,W Finland 1987}) 14... Rd8 15. Rfc1 Nf8 16. Bg5 h6 17. Bxf6 gxf6 18. Qc2 f5 19. e4 f4 20. e5 Ng6 $36 {[%mdl 2048] Black has good play.} 21. Re1 b5 22. axb5 axb5 23. Na5 $1 {[%cal Ra5c6]} Bd7 24. Ne4 {Hoping for Nf6+.} Bxe5 ({But not} 24... Nxe5 $6 25. d4 $1 $14 {[%mdl 512]}) 25. Nxc5 fxg3 26. hxg3 Rdc8 27. Nab3 Bc6 28. Rac1 Bxg2 29. Kxg2 Qg5 30. d4 Bf4 31. Rcd1 Bd6 32. Qe4 Nf4+ 33. Kf1 Nd5 {[#]} 34. Nxe6 $1 {[%mdl 512]} Qh5 {And now ...Re8 would win.} (34... fxe6 35. Qxe6+) 35. Nec5 $1 {next Kg2 is good for White.} Nf6 ({Black should try} 35... Re8 $1 $11 36. Qg2 (36. Qxe8+ Rxe8 37. Rxe8+ Kg7 $11) 36... Nf6) 36. Qg2 Ng4 (36... Re8 $11 {remains equal.}) 37. Rd3 (37. f3 $16 Nf6 38. Ne4 Nxe4 39. fxe4 (39. Rxe4 Qd5 $14)) 37... Kh8 38. Kg1 Rg8 39. Ne4 $2 {[#]} (39. Nd2 $1 $14 {keeps the upper hand.}) 39... Rbe8 $1 $17 {aiming for ...Bb4.} 40. Rdd1 $2 {[%mdl 8192] [#] This move loses the game for White.} (40. f3 $17 Nf6 41. Kf1) 40... Rxe4 $1 $19 {[%mdl 576] Remove Defender, Decoy} 41. Rxe4 {[#] Rd3 is the strong threat.} Nxf2 $1 {[%mdl 576] Discovered Attack} 42. Kxf2 Qxd1 43. Re3 {[#]} Bf4 $1 {[%mdl 576] Pin} 44. Rc3 (44. gxf4 Qc2+) 44... Qb1 45. Qc6 {[#] Threatens to win with Qf6+.} Bxg3+ $1 {[%mdl 512]} 46. Ke3 (46. Rxg3 Qxb2+) 46... Rg6 47. Qc8+ (47. Rc1 $142 Qxb2 48. Qc2) 47... Kg7 48. Nc5 b4 49. Rb3 Qd1 50. Ke4 Bd6 51. Rd3 Qh1+ 52. Rf3 Bxc5 53. Qf5 Qe1+ 54. Kd5 Rg5 55. dxc5 Rxf5+ {Accuracy: White = 54%, Black = 86%.} 0-1

[Event "DEN-ch LH 2020"]
[Site "Svendborg"]
[Date "2020.10.10"]
[Round "2.4"]
[White "Ove Fries Nielsen, Jens"]
[Black "Kvist Brondt, Nicolai"]
[Result "1-0"]
[WhiteElo "2380"]
[BlackElo "2226"]
[Annotator "TA"]
[PlyCount "79"]
[EventDate "2020.10.09"]
[EventType "tourn"]
[EventCountry "DEN"]
[SourceTitle "playchess.com"]
[Source "ChessBase"]
[SourceQuality "1"]

{[%evp 9,79,-58,-51,-53,-23,-38,-38,-48,-50,-51,-50,-75,-76,-73,-45,-41,-32,-32,-28,-38,-31,-37,-35,-30,47,56,40,52,30,0,0,0,0,0,0,0,0,0,0,0,27,15,111,119,118,119,105,121,160,112,106,50,64,75,153,69,69,69,515,468,627,498,451,443,1041,1027,968,941,12829,12829,2002,1378]} 1. d4 d5 2. Nc3 Nf6 3. e3 e6 4. Nge2 c5 {[#]} 5. h3 $146 ({Predecessor:} 5. dxc5 Bxc5 6. g3 Nc6 7. Bg2 O-O 8. O-O Re8 9. b3 Qe7 10. a3 a5 11. Bb2 Rd8 {½-½ (53) Cheung,T (1282)-Alvin ,C (1281) Hong Kong 2015}) 5... Nc6 6. g4 {D00: 1 d4 d5: Unusual lines.} b6 7. Bg2 cxd4 8. exd4 {Black is slightly better.} Ba6 9. O-O Bd6 10. f4 Qd7 11. a4 Bxe2 12. Nxe2 Ne4 13. Nc3 Nxc3 14. bxc3 Na5 15. f5 O-O-O 16. Qd3 g6 (16... Nc4 $11) 17. fxe6 fxe6 18. Bg5 Rde8 19. Bf6 Rhf8 20. g5 Nc4 21. h4 Bc7 22. Rf2 Qd6 23. Qh3 Qg3 24. Re2 Kb8 25. Rf1 Qxh3 (25... a5 $11 {remains equal.}) 26. Bxh3 $16 e5 27. Bd7 {Hoping for dxe5.} e4 28. Kg2 Nd6 29. Bxe8 Rxe8 30. Ref2 (30. h5 $16) 30... e3 $14 31. Re2 {And now Be5 would win.} Nf5 {[#]} ({Black should play} 31... Re4) 32. Rxf5 (32. Be5 $1 $16) 32... gxf5 $16 {[%mdl 4096] Endgame KRB-KRB} 33. Kf3 f4 $2 {[%mdl 8192] Black cannot hold the game after this.} (33... Re4 $14) 34. h5 $18 {White is clearly winning.} Rg8 35. Rg2 Kc8 36. g6 hxg6 (36... h6 $142 37. g7 Kd7) 37. h6 Rf8 38. h7 Rxf6 39. h8=Q+ {[%mdl 64] [#] Double Attack} Bd8 40. Qg8 {Accuracy: White = 78%, Black = 53%.} 1-0